UM Logo

Connotation of the lavender language of gays in digos city/ (Record no. 10208)

MARC details
000 -LEADER
fixed length control field 00631nam a22001697a 4500
008 - FIXED-LENGTH DATA ELEMENTS--GENERAL INFORMATION
fixed length control field 180806b ||||| |||| 00| 0 eng d
082 ## - DEWEY DECIMAL CLASSIFICATION NUMBER
Edition number 2017
Classification number UT 1005
Item number B93
100 ## - MAIN ENTRY--PERSONAL NAME
9 (RLIN) 30111
Personal name Bulilan, Merlia M.
245 ## - TITLE STATEMENT
Title Connotation of the lavender language of gays in digos city/
Statement of responsibility, etc. Merlia M. Bulilan, Jenilyn G. Alpanta and Daisy Mae S. Arebidon.
260 ## - PUBLICATION, DISTRIBUTION, ETC. (IMPRINT)
Place of publication, distribution, etc. Digos City:
Name of publisher, distributor, etc. UMDC
Date of publication, distribution, etc. November 2017.
300 ## - PHYSICAL DESCRIPTION
Extent 54 pages;
Other physical details 30 cm.
650 #0 - SUBJECT ADDED ENTRY--TOPICAL TERM
9 (RLIN) 30112
Topical term or geographic name as entry element Education
Form subdivision English
General subdivision Undergraduate thesis.
700 ## - ADDED ENTRY--PERSONAL NAME
9 (RLIN) 30113
Personal name Bulilan, Merlia M.
700 ## - ADDED ENTRY--PERSONAL NAME
9 (RLIN) 30114
Personal name Alpanta, Jenilyn G.
700 ## - ADDED ENTRY--PERSONAL NAME
9 (RLIN) 30115
Personal name Arebidon, Daisy Mae S.
942 ## - ADDED ENTRY ELEMENTS (KOHA)
Source of classification or shelving scheme Dewey Decimal Classification
Koha item type Undergraduate Thesis
Holdings
Withdrawn status Lost status Source of classification or shelving scheme Damaged status Not for loan Home library Current library Date acquired Total Checkouts Full call number Barcode Date last seen Price effective from Koha item type
    Dewey Decimal Classification     UM Digos College - LIC UM Digos College - LIC 08/01/2018   UT 1005 B93 2017 1005 05/15/2025 08/06/2018 Undergraduate Thesis